Essential words and phrases: German - Statistics

General Stats
  • This quiz has been taken 160 times
  • The average score is 25 of 63
Answer Stats
Hint Answer % Correct
Thankyou Danke
99%
Please Bitte
96%
Yes Ja
92%
No Nein
92%
Hello Hallo
86%
I am... Ich bin
76%
8 Acht
69%
3 Drei
69%
9 Neun
69%
7 Sieben
69%
2 Zwei
69%
5 Fünf
67%
10 Zehn
66%
1 Eins
65%
4 Vier
65%
6 Sechs
64%
And und
60%
I speak Ich spreche
58%
Where is...? Wo ist
56%
Restaurant Restaurant
51%
Okay Ok
50%
What is this? Was ist das
50%
Goodbye Auf wiedersehen
49%
Bus Bus
49%
Taxi Taxi
48%
Train Zug
44%
Write Schreiben
42%
When? Wann
42%
I am from... Ich komme aus
41%
My name is... Mein name ist
41%
I like Ich mag
40%
Do you have...? Hast du
39%
Sorry Es tut mir leid
38%
Police Polizei
38%
I dont speak... Ich spreche nicht
37%
Airport Flughafen
36%
I dont like Ich mag nicht
36%
I would like Ich möchte
36%
I dont understand Ich verstehe nicht
33%
Doctor Arzt
32%
Place Platz
32%
Help Hilfe
31%
Do you speak english? Sprichst du englisch
31%
Pay Zahlen
24%
Can i have...? Kann ich haben
21%
How much does it cost? Wie viel kostet es
20%
Can you speak slower? kannst du langsamer sprechen
15%
Can you repeat that? Kannst du das wiederholen
14%
What does that mean? Was bedeutet das
14%
Danger Achtung
13%
How far is...? Wie weit ist
12%
What is the best...? was ist das Beste
9%
Where are you from? Woher kommen sie
9%
Do you like...? Mögen sie
7%
I'm fine Ich bin ok
4%
Excuse me Entschuldigen sie mich
3%
Nice to meet you Freut mich, dich kennenzulernen
2%
Maybe kann sein
1%
You're welcome Keine Ursache
1%
I want to go to... Ich möchte gehen zu
0%
What is your name? Wie hißen sie
0%
How do I get to...? Wi komme ich nach
0%
How do you say...? Wis sagt man
0%
No matching quizzes found
Score Distribution
Percent of People with Each Score
Percentile by Number Answered
Your Score History
You have not taken this quiz